| 000 | 00357nam a2200145Ia 4500 | ||
|---|---|---|---|
| 100 | _aGulati/ R.R. | ||
| 650 | _aElectrical Engineering | ||
| 942 | _cBK | ||
| 654 | _aMonocrome & Colour Television | ||
| 245 | _aMonocrome & Colour Television | ||
| 260 |
_bWiley Eastern Limited. _aNew Delhi _c1984 |
||
| 082 | _a621.3 | ||
| 300 | _a774 | ||
| 546 | _aENGLISH | ||
| 999 |
_c29087 _d29087 |
||